Sea-Power and Other Studies (Record no. 239949)
[ view plain ]
| 000 -LEADER | |
|---|---|
| fixed length control field | 01221cam a22002653a 4500 |
| 001 - CONTROL NUMBER | |
| control field | 10694 |
| 003 - CONTROL NUMBER IDENTIFIER | |
| control field | PGUSA |
| 005 - DATE AND TIME OF LATEST TRANSACTION | |
| control field | 20140828083227.0 |
| 008 - FIXED-LENGTH DATA ELEMENTS--GENERAL INFORMATION | |
| fixed length control field | 040101s2004||||xxu|||||s|||||000 | eng d |
| 040 ## - CATALOGING SOURCE | |
| Original cataloging agency | PGUSA |
| Language of cataloging | eng |
| 042 ## - AUTHENTICATION CODE | |
| Authentication code | dc |
| 050 #4 - LIBRARY OF CONGRESS CALL NUMBER | |
| Classification number | V |
| 100 1# - MAIN ENTRY--PERSONAL NAME | |
| Personal name | Bridge, Cyprian, |
| Titles and other words associated with a name | Sir, |
| Dates associated with a name | 1839-1924 |
| 245 10 - TITLE STATEMENT | |
| Title | Sea-Power and Other Studies |
| Medium | [electronic resource] / |
| Statement of responsibility, etc | Cyprian, Bridge |
| 260 ## - PUBLICATION, DISTRIBUTION, ETC. (IMPRINT) | |
| Name of publisher, distributor, etc | Project Gutenberg, |
| Date of publication, distribution, etc | 2004 |
| 505 0# - FORMATTED CONTENTS NOTE | |
| Formatted contents note | Sea-power -- The command of the sea -- War and its chief lessons -- The historical relations between the navy and the merchant service -- Facts and fancies about the press-gang -- Projected invasions of the British Isles -- Over-sea raids and raids on land -- Queen Elizabeth and her seamen -- Nelson: The centenary of Trafalgar -- The share of the fleet in the defence of the empire -- Naval strategy and tactics at the time of Trafalgar -- The supply and communications of a fleet. |
| 506 ## - RESTRICTIONS ON ACCESS NOTE | |
| Terms governing access | Public domain in the USA. |
| 516 ## - TYPE OF COMPUTER FILE OR DATA NOTE | |
| Type of computer file or data note | Electronic text |
| 653 ## - INDEX TERM--UNCONTROLLED | |
| Uncontrolled term | Naval art and science |
| 653 ## - INDEX TERM--UNCONTROLLED | |
| Uncontrolled term | Great Britain. Royal Navy -- History |
| 653 ## - INDEX TERM--UNCONTROLLED | |
| Uncontrolled term | Sea-power |
| 830 #0 - SERIES ADDED ENTRY--UNIFORM TITLE | |
| Uniform title | Project Gutenberg |
| Volume number/sequential designation | 10694 |
| 856 40 - ELECTRONIC LOCATION AND ACCESS | |
| Uniform Resource Identifier | <a href="http://www.gutenberg.org/ebooks/10694">http://www.gutenberg.org/ebooks/10694</a> |
| 942 ## - ADDED ENTRY ELEMENTS (KOHA) | |
| Koha item type | eBooks |
| Withdrawn status | Lost status | Damaged status | Home library | Current library | Date acquired | Total Checkouts | Date last seen | Price effective from | Koha item type |
|---|---|---|---|---|---|---|---|---|---|
| Project Gutenberg | Project Gutenberg | 08/28/2014 | 08/28/2014 | 08/28/2014 | eBooks |